Datum a čas kvízu
28.5
Celkem bodů
Celkový počet nahraných bodů na tomto kvízu bez doplňovacích otázek.
12.
Pořadí na kvízu
Konečné umístění týmu na tomto kvízu.
Zaznamenané odpovědi
| # | Otázka | Odpověď | Body | Výsledky |
|---|---|---|---|---|
| -14. | Udílení tradičních Oscarů bylo... | Rock si utahoval z účesu Smithovy manželky | 1 | |
| -13. | O víkendu se v Maďarsku konaly... | FIDESZ | 0 | |
| -12. | V Plzni proběhl 30. ročník hud... | Marek Ztracený, Ewa Farná | 1 | |
| -11. | V knihovnách, mateřských a zák... | Hans Christian Andersen | 1 | |
| -10. | Hokejová sezóna vrcholí. Kromě... | Vsetín, Jihlava | 0 | |
| 1. | V tomto tématu vyzkoušíme Vaše... | Jakarta, červená | 0 | |
| 2. | Samotný název Indonésie pocház... | ostrov | 1 | |
| 3. | Velmi ceněnou indonéskou komod... | muškátový oříšek | 0 | |
| 4. | Dějiny současného státu Indoné... | C | 0 | |
| 5. | Které z těchto tvrzení o Indon... | D | 1 |